Statystyki dla Puchar Świata - Klasyfikacja generalna za sezon 2007/08

Kliknij tutaj aby rozwiązać quiz!

Ogólne statystyki

  • Ten quiz został rozwiązany 28 razy
  • Średni wynik to 52 z 84

Statystyki odpowiedzi

MiejsceSkoczekNarodowośćPkt% Poprawnych
12.Adam MałyszPolska632
100%
5.Anders BardalNorwegia942
92%
3.Janne AhonenFinlandia1291
92%
30.Kamil StochPolska157
92%
9.Simon AmmannSzwajcaria728
92%
1.Thomas MorgensternAustria1794
92%
4.Tom HildeNorwegia1228
92%
7.Andreas KuttelSzwajcaria778
88%
2.Gregor SchlierenzauerAustria1561
88%
8.Janne HapponenFinlandia755
88%
26.Harri OlliFinlandia210
84%
49.Jakub JandaCzechy29
84%
10.Wolfgang LoitzlAustria715
84%
6.Anders JacobsenNorwegia827
80%
22.Denis KornilovRosja247
80%
18.Dimitriy VassilievRosja288
80%
15.Jernej DamjanSłowenia522
80%
29.Manuel FettnerAustria160
80%
Matti HautamaekiFinlandia273
80%
16.Michael NeumayerNiemcy507
80%
25.Robert KranjecSłowenia233
80%
13.Andreas KoflerAustria627
76%
11.Bjoern Einar RomoerenNorwegia690
76%
31.Daiki ItoJaponia133
76%
24.Emmanuel ChedalFrancja234
76%
14.Martin KochAustria569
76%
27.Michael UhrmannNiemcy185
76%
34.Noriaki KasaiJaponia122
76%
17.Roman KoudelkaCzechy411
76%
72.Stefan HulaPolska10
76%
28.Taku TakeuchiJaponia180
76%
43.Antonin HajekCzechy44
72%
68.Jussi HautamaekiFinlandia12
72%
39.Sebastian ColloredoWłochy76
72%
Ville LarintoFinlandia2
72%
Andrea MorassiWłochy15
68%
44.Jan MaturaCzechy39
68%
19.Martin SchmittNiemcy273
68%
Roar LjoekelsoeyNorwegia99
68%
35.Shohei TochimotoJaponia109
68%
33.Sigurd PettersenNorwegia128
68%
Takanobu OkabeJaponia16
68%
Vincent Descombes SevoieFrancja18
68%
78.Marcin BachledaPolska5
64%
32.Pavel KarelinRosja129
64%
52.Arttu LappiFinlandia27
60%
40.Primoz PeterkaSłowenia72
60%
45.Stephan HockeNiemcy38
60%
71.Andreas WankNiemcy11
56%
47.Borek SedlakCzechy35
56%
23.David LazzaroniFrancja239
56%
Heung-Chul ChoiKorea Południowa6
56%
56.Jurij TepesSłowenia21
56%
Kalle KeituriFinlandia29
56%
21.Arthur PauliAustria261
52%
63.Dimitry IpatovRosja16
52%
84.Johan EriksonSzwecja1
52%
Primoz PiklSłowenia5
52%
Severin FreundNiemcy12
52%
Fumihisa YumotoJaponia18
48%
Ilya RoslakovRosja21
48%
82.Jiri MazochCzechy2
48%
41.Martin CiklCzechy60
48%
46.Radik ZharapovKazachstan36
48%
80.Yuta WataseJaponia3
48%
Sami NiemiFinlandia10
44%
75.Akira HigashiJaponia7
40%
37.Lars BystoelNorwegia99
40%
Martin HoellwarthAustria26
40%
Nikolay KarpenkoKazachstan18
40%
Veli-Matti LindstroemFinlandia18
40%
36.Georg SpaethNiemcy106
36%
42.Guido LandertSzwajcaria46
32%
51.Jon AaraasNorwegia28
32%
55.Roland MuellerAustria23
32%
74.Andreas ArenSzwecja8
28%
66.Balthasar SchneiderAustria15
28%
58.Mario InnauerAustria18
28%
Henning StensrudNorwegia35
24%
Jure BogatajSłowenia16
24%
76.Jorg RitzerfeldNiemcy6
20%
Bastian KaltenboeckAustria12
16%
Stefan KaiserAustria3
16%
53.Andreas VilbergNorwegia26
12%

Rozkład punktacji

Percentyl według liczby udzielonych odpowiedzi

Procent ludzi z każdym wynikiem

Twoja historia wyników

Nie rozwiązałeś tego quizu